000 00572nam a2200169 a 4500
008 120416s1953 ||||||||||||||||| || u
050 _aJA 71 Eas
100 _aEaston, David
245 1 4 _aThe political system
246 _aan inquiry into the state of political science
260 _aNew York
_bA. Knoff
_c1953
300 _axiii, 320p.
350 _a0.00
650 0 _aPOLITICAL SCIENCE
650 _aPOLITICS
995 _D0.00
_FCBU-MAIN LIBRARY (Kitwe)
_H1
_I0.00
_M1
_UAVAILABLE
_ZAnnex Low-Usage Collection
999 _c53925
_d53925